The integral philosophy of Sri Aurobindo ; a commemorative sumposium /

Bibliographic Details
Main Author: Chaudhuri, Haridas
Other Authors: Spiegelberg, Frederic, 1897-
Format: Book
Language:English
Published: London : Allen & Unwin, [1960]
Subjects:

MARC

Tag First Indicator Second Indicator Subfields
LEADER 00000cam a2200000 4500
001 in00000323713
005 20151010165006.0
008 720731s1960 enkc b 01010 eng d
010 |a  61004782  
035 |a (OCoLC)00368857 
035 |9 ABJ8763AM 
040 |c WSU  |d TXA  |d UtOrBLW 
049 |a TXAM  |c [528481] 
090 |a B133.G6  |b C5 
100 1 |a Chaudhuri, Haridas. 
245 1 4 |a The integral philosophy of Sri Aurobindo ;  |b a commemorative sumposium /  |c edited by Haridas Chaudhuri [and] Frederic Spiegelberg. 
264 1 |a London :  |b Allen & Unwin,  |c [1960] 
300 |a 350 pages :  |b portrait 
336 |a text  |b txt  |2 rdacontent 
337 |a unmediated  |b n  |2 rdamedia 
338 |a volume  |b nc  |2 rdacarrier 
504 |a Bibliographical footnotes. "A complete list of all the books published in English by Sri Aurobindo": pages 348-350. 
600 1 0 |a Ghose, Aurobindo,  |d 1872-1950. 
700 1 |a Spiegelberg, Frederic,  |d 1897- 
999 |a MARS 
999 f f |s 0550834e-5dd1-3ad3-b4a1-fd6f70ffda9a  |i 453baa62-2c80-37c3-bb68-ff63d7361b81  |t 0 
952 f f |p ric  |a Texas A&M University  |b Rellis Campus  |c Joint Library Facility  |d Remote Storage  |t 0  |e B133.G6 C5  |h Library of Congress classification  |i unmediated -- volume  |m A14801590047 
998 f f |a B133.G6 C5  |t 0  |l Remote Storage